000 00744nam a2200253Ia 4500
003 OSt
005 20221005133651.0
006 a|||||r|||| 00| 0
007 ta
008 221004b |||||||| |||| 00| 0 urd d
024 _a63291
037 _cTextual
040 _aCRL
_cCRL
_burd
041 _2urd
_aurd
082 _aO168,3N15,SP, 152M3.1
100 _aयानवी, शौकत, ले.
245 0 _aसेहरे के फूल
246 _aSehare ke fūla
260 _c1983
650 _a उर्दू साहित्य
650 _aउर्दू कहानी
942 _hO168,3N15,SP, 152M3.1
_cTEXL
_2cc
999 _c1067481
_d1067481